[Event "SLO-chT2 East"]
[Site "Brezice Maribor"]
[Date "2012.10.20"]
[Round "6"]
[White "Krajnc, Oto"]
[Black "Carli, Lara"]
[Result "1-0"]
[WhiteElo "2030"]
[BlackElo "1615"]
[PlyCount "73"]
[EventDate "2012.09.08"]
[EventType "team-tourn"]
[EventRounds "9"]
[EventCountry "SLO"]
[SourceTitle "EXT 2022"]
[Source "ChessBase"]
[SourceDate "2021.10.06"]
[SourceVersion "1"]
[SourceVersionDate "2021.10.06"]
[SourceQuality "1"]

1. d4 g6 2. c4 c5 3. d5 d6 4. Nc3 Nf6 5. e4 Bg7 6. f4 0-0 7. Nf3 Nfd7 8. Bd3 Na6 9. 0-0 Nb4 10. Bb1 Nb6 11. a3 Na6 12. Bd3 e6 13. Qc2 Re8 14. Bd2 Bd7 15. Rae1 Nc7 16. b3 a5 17. f5 exf5 18. exf5 gxf5 19. Bxf5 Bxf5 20. Qxf5 Qf6 21. Qxf6 Bxf6 22. Ne4 Be7 23. a4 Nd7 24. Bf4 Ra6 25. Ng3 f6 26. Nf5 Ne5 27. Nd2 Raa8 28. Re3 Rad8 29. Ne4 Rd7 30. Nxe7+ Rdxe7 31. Nxf6+ Kg7 32. Nxe8+ Nxe8 33. Rg3+ Ng6 34. Bd2 b6 35. Bc3+ Kg8 36. h4 Rf7 37. h5 1-0

[Event "Ljubljana-chT 64th 1st League"]
[Site "Ljubljana"]
[Date "2011.02.10"]
[Round "4.2"]
[White "Veskovic, Dzemal"]
[Black "Krajnc, Oto"]
[Result "0-1"]
[WhiteElo "1831"]
[BlackElo "2022"]
[PlyCount "108"]
[EventDate "2011.01.13"]
[EventType "team-tourn"]
[EventRounds "9"]
[EventCountry "SLO"]
[SourceTitle "EXT 2022"]
[Source "ChessBase"]
[SourceDate "2021.10.06"]
[SourceVersion "1"]
[SourceVersionDate "2021.10.06"]
[SourceQuality "1"]
[WhiteTeam "Crni Graben"]
[BlackTeam "Kamnik Zagorje"]
[WhiteTeamCountry "SLO"]
[BlackTeamCountry "SLO"]

1. e4 d6 2. Nc3 Nf6 3. h3 e5 4. Nf3 Nbd7 5. d4 Be7 6. dxe5 dxe5 7. Bc4 0-0 8. 0-0 c6 9. Bg5 b5 10. Bd3 Qc7 11. Nh4 Nc5 12. Nf5 Bxf5 13. exf5 b4 14. Bxf6 Bxf6 15. Ne4 Nxe4 16. Bxe4 Rad8 17. Qf3 c5 18. c4 Rd4 19. Rad1 Rxc4 20. Rd5 Rd4 21. Rc1 c4 22. Rb5 a5 23. Rb7 Qc5 24. g4 Bh4 25. Rc2 Rfd8 26. f6 g6 27. Kg2 Qd6 28. Qe2 Qxf6 29. Rc7 Qf4 30. R7xc4 Bxf2 31. Qf3 Be3 32. Qxf4 Bxf4 33. Kf3 Rxc4 34. Rxc4 Rd2 35. Rc2 a4 36. Rxd2 Bxd2 37. Bc2 a3 38. bxa3 bxa3 39. Ke4 f6 40. h4 Bf4 41. Kd5 Kg7 42. Ke6 Bg3 43. h5 Bh4 44. Be4 Kh6 45. Kf7 Kg5 46. Kg7 gxh5 47. gxh5 Kxh5 48. Kxh7 Kg5 49. Bg2 Kf4 50. Kg6 e4 51. Kh5 Bg5 52. Bf1 Kf3 53. Bc4 e3 54. Be6 Kf2 0-1

[Event "SLO-chT2 Ost"]
[Site "Slovenia"]
[Date "2010.09.25"]
[Round "6"]
[White "Krajnc, Oto"]
[Black "Mitrovic, Boris"]
[Result "0-1"]
[WhiteElo "2012"]
[BlackElo "2005"]
[PlyCount "78"]
[EventDate "2010.05.29"]
[EventType "team-tourn"]
[EventRounds "9"]
[EventCountry "SLO"]
[SourceTitle "EXT 2022"]
[Source "ChessBase"]
[SourceDate "2021.10.06"]
[SourceVersion "1"]
[SourceVersionDate "2021.10.06"]
[SourceQuality "1"]

1. d4 Nf6 2. Nf3 e6 3. Bg5 Be7 4. Nbd2 d5 5. e3 0-0 6. Bd3 c5 7. c3 Nbd7 8. 0-0 Qc7 9. Bf4 Bd6 10. Bg5 a6 11. e4 c4 12. Bc2 dxe4 13. Nxe4 Nxe4 14. Bxe4 f5 15. Bc2 Nf6 16. Re1 Bd7 17. Ne5 Rae8 18. a4 b5 19. h3 Bc8 20. Rc1 Bb7 21. Bxf6 gxf6 22. Nf3 Kh8 23. Kh1 Rg8 24. Nh4 Qg7 25. Rg1 Qh6 26. Nf3 Qf4 27. Qd2 Bxf3 28. Qxf4 Bxf4 29. gxf3 Bxc1 30. Rxc1 Rb8 31. b3 bxa4 32. bxc4 a3 33. d5 a2 34. d6 Rgd8 35. c5 Rb5 36. Ra1 Rxc5 37. c4 Rxd6 38. Bb3 Rd2 39. Bxa2 Ra5 0-1

[Event "SLO-chT2 Ost"]
[Site "Slovenia"]
[Date "2010.05.29"]
[Round "1"]
[White "Vuk, Joze"]
[Black "Krajnc, Oto"]
[Result "1/2-1/2"]
[WhiteElo "2000"]
[BlackElo "2012"]
[PlyCount "126"]
[EventDate "2010.05.29"]
[EventType "team-tourn"]
[EventRounds "9"]
[EventCountry "SLO"]
[SourceTitle "EXT 2022"]
[Source "ChessBase"]
[SourceDate "2021.10.06"]
[SourceVersion "1"]
[SourceVersionDate "2021.10.06"]
[SourceQuality "1"]

1. d4 Nf6 2. Nf3 d5 3. c4 c6 4. e3 Bg4 5. Nc3 e6 6. Qb3 Qc7 7. Ne5 Bf5 8. Be2 Nbd7 9. f4 Ne4 10. cxd5 exd5 11. 0-0 f6 12. Nxd7 Qxd7 13. Nxe4 Bxe4 14. Bd2 Be7 15. Bh5+ g6 16. Bf3 Bxf3 17. Rxf3 f5 18. Rc1 0-0 19. Bb4 Bxb4 20. Qxb4 Rfe8 21. Qc5 Re7 22. Rg3 Kg7 23. b4 a6 24. a4 Qe6 25. h4 h5 26. Qc2 Rc8 27. Kf2 Kh7 28. Rh1 Ra8 29. Qc5 Rd8 30. Rc1 Qe4 31. Qc2 Qe6 32. Rh1 Ra8 33. Rb1 Qd6 34. Qc3 Qe6 35. Rc1 Qf6 36. Rh1 Qe6 37. Qd2 Qd6 38. Rhh3 b6 39. Rg5 a5 40. Rhg3 Rg7 41. bxa5 Rxa5 42. Qc2 Qf6 43. Qd1 Kh6 44. Qb3 Qd8 45. Qc2 c5 46. dxc5 bxc5 47. Kg1 Qd6 48. Qc3 d4 49. Qxa5 d3 50. Qd2 c4 51. e4 Qd4+ 52. Kh2 Qxe4 53. a5 Qd4 54. a6 Kh7 55. Kh3 Re7 56. Rxg6 Qg1 57. Rg7+ Rxg7 58. Rxg7+ Kxg7 59. Qc3+ Kg6 60. Qxc4 Qh1+ 61. Kg3 Qe1+ 62. Kf3 Qe2+ 63. Kg3 Qe1+ 1/2-1/2

[Event "SLO-chT2 Ost"]
[Site "Maribor"]
[Date "2009.11.14"]
[Round "9"]
[White "Perus, Danilo"]
[Black "Krajnc, Oto"]
[Result "1/2-1/2"]
[WhiteElo "2317"]
[BlackElo "2050"]
[PlyCount "90"]
[EventDate "2009.05.30"]
[EventType "team-tourn"]
[EventRounds "9"]
[EventCountry "SLO"]
[SourceTitle "EXT 2022"]
[Source "ChessBase"]
[SourceDate "2021.10.06"]
[SourceVersion "1"]
[SourceVersionDate "2021.10.06"]
[SourceQuality "1"]

1. e4 d6 2. Nc3 Nf6 3. f4 e5 4. Nf3 Bg4 5. Bc4 Be7 6. 0-0 Nc6 7. d3 Nd4 8. Ne2 Nxf3+ 9. gxf3 Bh3 10. Re1 Qd7 11. Be3 Nh5 12. Kh1 Be6 13. Rg1 g6 14. Bb3 Bxb3 15. axb3 a6 16. fxe5 dxe5 17. Ra5 Bd6 18. Ng3 Nxg3+ 19. Rxg3 0-0-0 20. Bg5 Rde8 21. Qe2 Re6 22. Bd2 Qe7 23. Ra4 f5 24. b4 Rf8 25. c4 Qd7 26. b3 c6 27. Rg1 fxe4 28. dxe4 Ref6 29. Rg3 Bc7 30. Ra1 Rd6 31. Bh6 Rd8 32. Rgg1 Qh3 33. Bg5 R8d7 34. b5 axb5 35. cxb5 cxb5 36. Ra8+ Bb8 37. Be3 b6 38. Rg3 Rd1+ 39. Bg1 Qf1 40. Qa2 Qd3 41. Qa6+ Rb7 42. Qa3 Qd6 43. Qa2 Qd3 44. Qa3 Rd7 45. Qa6+ Rb7 1/2-1/2